LIBRARY & INFORMATION CENTRE, KCAET, TAVANUR

ONLINE PUBLIC ACCESS CATALOGUE (OPAC)

Dakshinabasha kathakal (Record no. 12572)

MARC details
000 -LEADER
fixed length control field 00625cam a2200169ua 4500
041 ## - LANGUAGE CODE
Language code of text/sound track or separate title mal
245 ## - TITLE STATEMENT
Title Dakshinabasha kathakal
250 ## - EDITION STATEMENT
Edition statement 1 /
260 ## - PUBLICATION, DISTRIBUTION, ETC. (IMPRINT)
Place of publication Palghat :
Name of publisher The educational supplies depot ,
Year of publication 1959.
300 ## - PHYSICAL DESCRIPTION
Number of Pages 162 ; .
942 ## - ADDED ENTRY ELEMENTS (KOHA)
Koha item type Books
Holdings
Withdrawn status Lost status Damaged status Home library Current library Date acquired Full call number Accession Number Koha item type
Withdrawn     KAUAET Sanskrit University 07/04/2012 894.812301 841 Books
free website counter